000 00390nam a22001697a 4500
003 MPLRDC
005 20220104144534.0
008 210129b ||||| |||| 00| 0 eng d
082 _a915.1 HW
100 _a何为
245 _a戏曲音乐研究
_c
250 _a初版
260 _a
_b中国戏剧出版社
_c1985
300 _b
650 _a中国剧乐
942 _cBK
_o915.1 HW
999 _c50602
_d50592